000 02990nam a2200397 i 4500
003 DO-SdBNP
005 20260209124951.0
007 ta
008 260209b2022 dr c|||| |||| 00| 0
020 _a9789945629279
040 _aDO-SdBNP
_bspa
_cBNPHU
_erda
041 _aspa
082 4 _aRD860.8
_bC744o 2022
_222
111 2 _aConcurso de Arte y Literatura Bancentral
_n(25 :
_d2021 :
_cSanto Domingo, República Dominicana)
_975208
245 1 0 _aObras premiadas del vigésimo quinto concurso de arte y literatura Bancentral 2021
264 4 _aSanto Domingo :
_bBanco Central de la República Dominicana
_c©2022.
300 _a181 páginas :
_bretratos ;
_c23 cm.
336 _atexto
_btxt
_2rdacontent
337 _asin mediación
_bn
_2rdamedia
338 _avolumen
_bnc
_2rdacarrier
490 1 _aColección del Banco Central de la República Dominicana ;
_v301
490 1 _aSerie Obras Premiadas
_v25
505 0 _aPresentación --
_tIntroducción --
_tCuento--
_gPrimer premio --
_tLa niñera /
_rLuis Javier--
_gSegundo premio --
_tLos  ángeles no viven aquí /
_rJesús Martín Sacristán--
_gTercer premio --
_tEl beso /
_rManuel A. Yermenos Santos--
_gMención de honor --
_tMike/
_rLuis Javier--
_gMención de honor --
_tLa mecánica del odio /
_rJesús Martín Sacristán--
_gMención de honor --
_tMás allá de las palabras/
_rDomingo Marte.
505 0 _aPintura --
_gPrimer premio --
_tFruta del paraíso /
_rRafael Elías Fernández García --
_gSegundo premio --
_tLavandera /
_rDinorah Baéz de Pérez --
_gTercer premio --
_tLas meninas de Santo Domingo en homenaje a Diego Velázquez /
_rNelly Margarita Franco Carías --
505 0 _aDibujo --
_gPrimer premio --
_tReflejos /
_rJovanny del Río --
_gSegundo premio --
_tNaturalez vs. deforestación /
_rJuan Elidio Estévez Hurtado --
_gTercer premio --
_tCatedral Primada de América /
_rManuel A. Concepción --
505 0 _aFotografía --
_gPrimer premio --
_tMapa Mundi /
_rWagner David Figuereo de Jesús /
_gSegundo premio --
_tBodegón /
_rLuisa F. Medina de Frías --
_gTercer premio --
_tEl fantasme del cachúa /
_rAmarilis Cueto Cabrera --
_gMención de honor --
_tCompartiendo la escasez /
_rDomingo Marte --
_gMención de honor --
_tUna nueva esperanza /
_rIsidro Pérez
_gMención de honor --
_tAl final de la jornada /
_rPróspero Eloy Pérez Báez --
_tGanadores del concurso de Arte y Literatura Bancentral (1995-2021) --
_tMiembros del jurado del concurso de Arte y Literatura Bancentral (1995-2021) --
_tColección bibliografíca del Banco Central de la República Dominicana.
590 _aInventariado, 2026/BT
650 4 _aCuentos dominicanos
_ySiglo XXI
_943522
650 4 _aCertámenes literarios
_ySiglo XXI
_943523
650 0 _aLiteratura dominicana
_ySiglo XXI
_943524
650 4 _aPremios literarios
_ySiglo XXI
_943525
650 4 _aArte y literatura
_ySiglo XXI
_975187
830 0 _aColección del Banco Central de la República Dominicana
_v301
_pSerie Obras premiadas
_n25
_975209
910 _aBtavárez
942 _2ddc
_cLBS1
999 _c60267
_d60267